| 000 | 00601nam a2200205 a 4500 | ||
|---|---|---|---|
| 005 | 20240427063713.0 | ||
| 008 | 991125s1998 mx 000 0 spa u | ||
| 020 | _a9701805216 | ||
| 035 | _aUPN01000051618 | ||
| 049 | _aCG | ||
| 050 | 4 |
_aHQ799 M6 _bF4.7 |
|
| 100 | 1 |
_aFeixa Pampols, Carles, _d1962- _937637 |
|
| 245 | 1 | 3 |
_aEl reloj de arena : _bculturas juveniles en México / _cCarlos Feixa |
| 260 |
_aMéxico : _bCausa Joven : _bSEP, _c1998. |
||
| 300 |
_a205 p. : _bil. |
||
| 440 | 0 |
_aJóvenes ; _v4 |
|
| 650 | 4 |
_aJuventud _zMéxico _914335 |
|
| 650 | 4 |
_aPANDILLAS - _zMEXICO _916445 |
|
| 905 | _aLibro | ||
| 999 |
_c51618 _d51618 |
||